California Cities with the Largest Black Population - Statistics

General Stats
  • This quiz has been taken 39 times
  • The average score is 17 of 36
Answer Stats
# % City % Correct
336,096 8.6 Los Angeles
100%
82,265 5.9 San Diego
95%
46,725 5.3 San Francisco
95%
93,820 21.3 Oakland
92%
69,167 13.2 Sacramento
87%
29,308 2.9 San Jose
87%
40,972 7.6 Fresno
79%
58,334 12.5 Long Beach
79%
27,875 12.6 San Bernardino
79%
40,487 12.6 Stockton
79%
28,305 7.0 Bakersfield
76%
20,100 6.4 Riverside
66%
24,873 26.0 Compton
61%
13,991 5.1 Chula Vista
58%
11,045 6.3 Ontario
53%
11,272 8.1 Pasadena
53%
41,708 38.7 Inglewood
47%
23,080 13.6 Palmdale
34%
22,254 19.1 Richmond
34%
37,032 21.3 Lancaster
32%
24,057 20.9 Antioch
29%
14,693 9.0 Hayward
29%
16,089 9.2 Rancho Cucamonga
29%
25,133 19.9 Vallejo
29%
18,756 9.0 Fontana
24%
24,156 17.9 Victorville
24%
17,854 10.1 Elk Grove
21%
33,158 15.9 Moreno Valley
21%
21,752 22.8 Carson
18%
13,290 21.8 Gardena
18%
12,358 11.9 Rialto
18%
17,866 14.9 Fairfield
16%
21,323 24.2 Hawthorne
16%
10,098 11.1 San Leandro
13%
10,552 13.3 Bellflower
11%
12,865 16.8 Pittsburg
11%
No matching quizzes found
Score Distribution
Percent of People with Each Score
Percentile by Number Answered
Your Score History
You have not taken this quiz